V03 ぶいすぽっ!所属タレントクイズ - Statistics

General Stats
  • This quiz has been taken 108 times
  • The average score is 22 of 32
Answer Stats
Answer % Correct
橘ひなの / Tachibana Hinano
100%
花芽すみれ / Kaga Sumire
94%
小森めと / Komori Met
90%
英リサ / Hanabusa Lisa
88%
一ノ瀬うるは / Ichinose Uruha
88%
花芽なずな / Kaga Nazuna
88%
八雲べに / Yakumo Beni
85%
蝶屋はなび / Choya Hanabi
81%
如月れん / Kisaragi Ren
81%
夜乃くろむ / Yano Kuromu
81%
小雀とと / Kogara Toto
79%
猫汰つな / Nekota Tsuna
79%
藍沢エマ / Aizawa Ema
77%
白波らむね / Shiranami Ramune
77%
紡木こかげ / Tsumugi Kokage
77%
神成きゅぴ / Kaminari Qpi
75%
胡桃のあ / Kurumi noah
75%
紫宮るな / Shinomiya Runa
73%
銀城サイネ / Ginjo Saine
71%
兎咲ミミ / Tosaki Mimi
71%
夢野あかり / Yumeno Akari
71%
千燈ゆうひ / Sendo Yuuhi
67%
甘結もか / Amayui Moka
65%
龍巻ちせ / Tatsumaki Chise
63%
空澄セナ / Asumi Sena
60%
ソラリリコ / Riko Solari
33%
黒刃アリヤ / Arya Kuroha
31%
地崎ジラ / Jira Jisaki
31%
涼上エリス / Eris Suzukami
29%
梅園ジュノ / Juno Umezono
29%
美暮ナリン / Narin Mikure
29%
青月レミア / Remia Aotsuki
29%
No matching quizzes found
Score Distribution
Percent of People with Each Score
Percentile by Number Answered
Your Score History
You have not taken this quiz